| 000 | 00918nam a2200277 a 4500 | ||
|---|---|---|---|
| 001 | 616 | ||
| 003 | BR-CuiBMT | ||
| 005 | 20231110205737.0 | ||
| 008 | 231110b2019 mgba 000 0 por d | ||
| 020 | _a9788545006428 | ||
| 040 |
_aBR-CuiBMT _cBR-CuiBMT |
||
| 080 |
_22007 _a35.077.1 _x-048.47 |
||
| 090 |
_a35.077.1-048.47 _bC355c _c2. ed. |
||
| 100 | 1 |
_aCastro, Rodrigo Pironti Aguirre de, _d1981- |
|
| 245 |
_aCompliance e gestão de riscos nas empresas estatais / _cRodrigo Pironti Aguirre de Castro, Francine Silva Pacheco Gonçalves ; prefácio, Benjamin Zymler. |
||
| 250 | _a2. ed. | ||
| 260 |
_aBelo Horizonte : _bFórum, _c2019. |
||
| 300 |
_a169 p.: _bil. _c21 cm |
||
| 504 | _aInclui bibliografia. | ||
| 650 | _aDireito público | ||
| 650 | _aAdministração pública | ||
| 650 | _aAdministração de risco | ||
| 650 | _aCompliance | ||
| 700 | _aGonçalves, Francine Silva Pacheco | ||
| 942 |
_2udc _cLV |
||
| 999 |
_c616 _d616 |
||